Radical intimacy (Record no. 1225161)

MARC details
000 -LEADER
fixed length control field 00632nam a2200217Ia 4500
005 - DATE AND TIME OF LATEST TRANSACTION
control field 20260102155749.0
008 - FIXED-LENGTH DATA ELEMENTS--GENERAL INFORMATION
fixed length control field 241129s9999||||xx |||||||||||||| ||und||
020 ## - INTERNATIONAL STANDARD BOOK NUMBER
International Standard Book Number 9780745345161
040 ## - CATALOGING SOURCE
Original cataloging agency RTL
Language of cataloging eng
Transcribing agency RTL
041 ## - LANGUAGE CODE
Language code of text/sound track or separate title eng
Source of code eng
084 ## - COLON CLASSIFICATION NUMBER
Classification number Y:3(S5) R3
Assigning agency RTL
100 ## - MAIN ENTRY--PERSONAL NAME
Personal name Rosa Sophie K.
9 (RLIN) 725539
245 #0 - TITLE STATEMENT
Title Radical intimacy
260 ## - PUBLICATION, DISTRIBUTION, ETC.
Place of publication, distribution, etc. Las Vegas
Name of publisher, distributor, etc. Pluto Press
Date of publication, distribution, etc. 2023
300 ## - PHYSICAL DESCRIPTION
Extent vi,296 p.
Other physical details Includes bibliographical references and index.
365 ## - TRADE PRICE
Price type code INR
Price amount Rs.1587.74
650 ## - SUBJECT ADDED ENTRY--TOPICAL TERM
Topical term or geographic name entry element Intimacy
9 (RLIN) 725540
650 ## - SUBJECT ADDED ENTRY--TOPICAL TERM
Topical term or geographic name entry element Sociology
9 (RLIN) 861554
942 ## - ADDED ENTRY ELEMENTS (KOHA)
Koha item type General Books
Classification part Y:3(S5) R3
Source of classification or shelving scheme Colon Classification (CC)
Suppress in OPAC No
Holdings
Withdrawn status Lost status Source of classification or shelving scheme Damaged status Not for loan Home library Current library Date acquired Source of acquisition Inventory number Total Checkouts Full call number Barcode Date last seen Price effective from Koha item type
    Colon Classification (CC)     Ratan Tata Library Ratan Tata Library 2024-11-29 Segment book 67526 & 7/2/27   Y:3(S5), R3 RT1528097 2024-11-29 2024-11-29 General Books
Copyright @ Delhi University Library System